Introduccin̤ al curso de PRINCE2
En esta presentacin̤ se brinda una introduccin̤ al mťodo de gestin̤ de proyectos PRINCE2, as ̕como lo que puede aprender en el curso de certificacin̤ oficial.
Na minha lista:
| Outros Autores: | , |
|---|---|
| Formato: | Livro |
| Idioma: | espanhol |
| Assuntos: | |
| Acesso em linha: | Introduccin̤ al curso de PRINCE2 |
| Tags: |
Adicionar Tag
Sem tags, seja o primeiro a adicionar uma tag!
|
MARC
| LEADER | 00000nam a22000004a 4500 | ||
|---|---|---|---|
| 001 | vpro3208 | ||
| 005 | 20201223000000.0 | ||
| 008 | 121019s2012 ck # g## #001 0#spa#d | ||
| 020 | |||
| 022 | |||
| 040 | |a CO-BoINGC | ||
| 041 | 0 | |a spa | |
| 245 | 1 | 0 | |a Introduccin̤ al curso de PRINCE2 |
| 246 | |a Introduction to PRINCE2 Course | ||
| 264 | |a Bogot ̀(Colombia) : |b Revista VirtualPRO, |c 2012 | ||
| 520 | 3 | |a En esta presentacin̤ se brinda una introduccin̤ al mťodo de gestin̤ de proyectos PRINCE2, as ̕como lo que puede aprender en el curso de certificacin̤ oficial. | |
| 650 | \ | \ | |a Gestin̤ de proyectos |
| 650 | \ | \ | |a Evaluacin̤ de proyectos |
| 650 | \ | \ | |a Administracin̤ de riesgos |
| 650 | \ | \ | |a Project management |
| 650 | \ | \ | |a Project evaluation |
| 650 | \ | \ | |a Risk management |
| 650 | \ | \ | |a proyectos de ingeniera̕ |
| 650 | \ | \ | |a metodologa̕s de gestin̤ de proyectos |
| 650 | \ | \ | |a PRINCE2 |
| 650 | \ | \ | |a planeacin̤ |
| 650 | \ | \ | |a control |
| 650 | \ | \ | |a gestin̤ de riesgos |
| 650 | \ | \ | |a calidad |
| 650 | \ | \ | |a engineering projects |
| 650 | \ | \ | |a project management methodologies |
| 650 | \ | \ | |a PRINCE2 |
| 650 | \ | \ | |a planning |
| 650 | \ | \ | |a control |
| 650 | \ | \ | |a risk management |
| 650 | \ | \ | |a quality |
| 700 | \ | \ | |a Molina Marlon |
| 700 | \ | \ | |a Canal Tecnofor. |
| 856 | |z Introduccin̤ al curso de PRINCE2 |u https://virtualpro.unach.elogim.com/biblioteca/introduccion-al-curso-de-prince2- | ||